000 01183aam a2200337 4500
999 _c33305
_d33305
001 2454
003 CO-MdFUSB
005 20171011093343.0
008 170310t20022003sp ||||| |||| 00| 0 spa d
020 _a84-293-1503-9
040 _aCO-MdFUSB
_bspa
_cCO-MdFUSB
_dCO-MdFUSBC
_erda
041 0 _aspa
082 0 4 _aG 225 T377n
100 1 _aTheissen, Gerd
_eautor
242 _aDas Neue Testament
245 1 3 _aEl Nuevo Testamento
_b: Historia, literatura y religión
_c/ Gerd Theissen ; María Blanco M. , Ramón Díez A.
264 4 _aSantander, España:
_bSal Terrae,
_c©2003
300 _a255 Página
_c; 21 cm.
336 _2rdacontent
_atexto
_btxt
337 _2rdamedia
_asin mediación
_bn
338 _2rdacarrier
_avolumen
_bnc
490 _aPresencia teológica
534 _cDas Neue Testament
_pTítulo original en Alemán :
563 _arústico
600 7 _aJesucristo
_xCrítica, interpretación, etc.
600 7 _aPablo,
_cSanto
_xCrítica, interpretación, etc.
630 7 _aBiblia.
_pNuevo Testamento
_xCrítica, interpretación, etc.
720 _aBlanco Moreno, Carmen
_etraductor
720 _aDíez Aragón, Ramón Alfonso
_etraductor
942 _cBK